Every College in North Carolina - Statistics

General Stats
  • This quiz has been taken 13 times
  • The average score is 25 of 65
Answer Stats
Town or City Private or Public College Name % Correct
Boone Public Appalachian State University
100%
Chapel Hill Public University of North Carolina
100%
Charlotte Public University of North Carolina Charlotte
92%
Greensboro Public University of North Carolina Greensboro
92%
Durham Private Duke University
83%
High Point Private High Point University
83%
Raleigh Public North Carolina State University
83%
Winston-Salem Private Wake Forest University
83%
Cullowhee Public Western Carolina University
83%
Brevard Private Brevard College
75%
Buies Creek Private Campbell University
75%
Elon Private Elon University
75%
Boiling Springs Private Gardner-Webb University
75%
Mars Hill Private Mars Hill University
75%
Asheville Public University of North Carolina Asheville
75%
Pembroke Public University of North Carolina Pembroke
75%
Wilmington Public University of North Carolina Wilmington
75%
Greenville Public East Carolina University
67%
Wingate Private Wingate University
67%
Belmont Private Belmont Abbey College
50%
Davidson Private Davidson College
50%
Elizabeth City Public Elizabeth City State University
50%
Fayetteville Public Fayetteville State University
50%
Raleigh Private Meredith College
50%
Montreat Private Montreat College
50%
Durham Public North Carolina Central University
50%
Winston-Salem Public Winston-Salem State University
50%
Salisbury Private Catawba College
42%
Banner Elk Private Lees-McRae College
42%
Murfreesboro Private Chowan University
33%
Greensboro Private Guilford College
33%
Greensboro Private Greensboro College
25%
Charlotte Private Johnson C. Smith University
25%
Fayetteville Private Methodist University
25%
Greensboro Public North Carolina A&T State University
25%
Rocky Mount Private North Carolina Wesleyan University
25%
Charlotte Private Queens University of Charlotte
25%
Winston-Salem Private Salem University
25%
Wilson Private Barton College
17%
Charlotte Private Johnson & Wales University - Charlotte
17%
Hickory Private Lenoir-Rhyne College
17%
Salisbury Private Livingstone College
17%
Raleigh Private Saint Augustine's University
17%
Raleigh Private Shaw University
17%
Mount Olive Private University of Mount Olive
17%
Winston-Salem Public University of North Carolina School of the Arts
17%
Swannanoa Private Warren Wilson College
17%
Concord Private Barber-Scotia College
8%
Greensboro Private Bennett College
8%
Winston-Salem Private Carolina University
8%
Elizabeth City Private Mid-Atlantic Christian University
8%
Misenheimer Private Pfeiffer University
8%
Laurinburg Private St. Andrews University
8%
Concord Private Cabarrus College of Health Sciences
0%
Winston-Salem Private Carolina Christian College
0%
Fayetteville Private Carolina College of Biblical Studies
0%
Charlotte Public Carolinas College of Health Sciences
0%
Charlotte Private Charlotte Christian College and Theological Seminary
0%
Dunn Private Heritage Bible College
0%
Salisbury Private Hood Theological Seminary
0%
Fayetteville Private Manna University
0%
Cary Private Shepherds Theological Seminary
0%
Wake Forest Private Southeastern Baptist Theological Seminary
0%
Wendell Private Southeastern Free Will Baptist College
0%
Raleigh Private William Peace University
0%
No matching quizzes found
Score Distribution
Percent of People with Each Score
Percentile by Number Answered
Your Score History
You have not taken this quiz